| 000 | 01006nam a22002891 4500 | ||
|---|---|---|---|
| 001 | 105738 | ||
| 003 | ES-MaACL | ||
| 007 | t| | ||
| 008 | 060814s1969 fr ||||0| fre d | ||
| 016 | 7 | _zIND9600718360 | |
| 040 |
_aM-BN _bspa _cCDM |
||
| 080 | _a929 Reiss, Ignace | ||
| 080 | _a327.84(47)"19" | ||
| 100 | 1 |
_aPoretski, Elisabeth K. _993127 |
|
| 245 | 1 | 4 |
_aLes nôtres _b: vie et mort d'un agent soviétique / _cElisabeth K. Poretski ; avant-propos de Léon Trotsky ; traduit de l'anglais par Olivier Simon. |
| 260 |
_aParis : _bDenoël, _c[1969] |
||
| 300 |
_a302 p. ; _c20 cm. |
||
| 490 | 1 | _aDossiers des lettres nouvelles | |
| 500 | _aBiblioteca Juan Andrade. | ||
| 600 | 1 | 4 |
_aReiss, Ignace. _996082 |
| 650 | 1 | 4 |
_aEspionaje- _zURSS. _912499 |
| 700 | 1 |
_aTrotsky, Leon, _d1879-1940 _9240350 |
|
| 700 | 1 |
_aSimon, Olivier. _9106528 |
|
| 830 | 0 |
_aDossiers des lettres nouvelles _9185101 |
|
| 852 |
_aES-MaACL _jAND-549 _bR.109848 _q. - Ded. autógr. de la autora |
||
| 999 |
_c105738 _d105738 |
||